000 00513nam a2200133Ia 4500
008 100328s9999 xx 000 0 und d
082 _b60260
100 _aथत्ते सुाीर
245 _aनोबेलनगरीतील नवलस्वप्ने 2002.
260 _bगं्रथाली.
630 _aनोबेलनगरीतील नवलस्वप्ने 2002.
730 _aनोबेलनगरीतील नवलस्वप्ने 2002.
942 _cBOOK
999 _c546422
_d546419